MARC details
| 000 -CABECERA |
| campo de control de longitud fija |
02117nam a2200289 i 4500 |
| 001 - NÚMERO DE CONTROL |
| campo de control |
000000374 |
| 003 - IDENTIFICADOR DEL NÚMERO DE CONTROL |
| campo de control |
DO-SdBNP |
| 005 - FECHA Y HORA DE LA ÚLTIMA TRANSACCIÓN |
| campo de control |
20250613104141.0 |
| 007 - CAMPO FIJO DE DESCRIPCIÓN FÍSICA--INFORMACIÓN GENERAL |
| campo de control de longitud fija |
ta |
| 008 - DATOS DE LONGITUD FIJA--INFORMACIÓN GENERAL |
| campo de control de longitud fija |
081117s19uu dr ac 000 0 spa d |
| 040 ## - FUENTE DE LA CATALOGACIÓN |
| Centro catalogador/agencia de origen |
DO-SdBNP |
| Lengua de catalogación |
spa |
| Centro/agencia transcriptor |
BNPHU |
| Normas de descripción |
rda |
| 082 #4 - NÚMERO DE LA CLASIFICACIÓN DECIMAL DEWEY |
| Número de clasificación |
xxx |
| Número de documento/Ítem |
xxx |
| Número de edición |
22 |
| 100 1# - ENTRADA PRINCIPAL--NOMBRE DE PERSONA |
| Nombre de persona |
Marcelo, Nidia, |
| Término indicativo de función/relación |
autor |
| Código de función/relación |
aut. |
| 9 (RLIN) |
1256 |
| 245 10 - MENCIÓN DE TÍTULO |
| Título |
Nueva matemática : |
| Resto del título |
educación primaria / |
| Mención de responsabilidad, etc. |
Nidia Marcelo. |
| 260 ## - PUBLICACIÓN, DISTRIBUCIÓN, ETC. |
| Lugar de publicación, distribución, etc. |
Santo Domingo : |
| Nombre del editor, distribuidor, etc. |
Susaeta, |
| Fecha de publicación, distribución, etc. |
[19--]. |
| 264 #1 - PRODUCCIÓN, PUBLICACIÓN, DISTRIBUCIÓN, FABRICACIÓN Y COPYRIGHT |
| Producción, publicación, distribución, fabricación y copyright |
Santo Domingo : |
| Nombre del de productor, editor, distribuidor, fabricante |
Susaeta, |
| Fecha de producción, publicación, distribución, fabricación o copyright |
19--?. |
| 300 ## - DESCRIPCIÓN FÍSICA |
| Extensión |
volumenes : |
| Otras características físicas |
ilustraciones, retratos ; |
| Dimensiones |
25 cm. |
| 336 ## - TIPO DE CONTENIDO |
| Término de tipo de contenido |
texto |
| Código de tipo de contenido |
txt |
| Fuente |
rdacontent |
| 337 ## - TIPO DE MEDIO |
| Nombre/término del tipo de medio |
sin mediación |
| Código del tipo de medio |
n |
| Fuente |
rdamedia |
| 338 ## - TIPO DE SOPORTE |
| Nombre/término del tipo de soporte |
volumen |
| Código del tipo de soporte |
nc |
| Fuente |
rdacarrier |
| 500 ## - NOTA GENERAL |
| Nota general |
Educación primaria |
| 500 ## - NOTA GENERAL |
| Nota general |
La biblioteca solamente posee los volumenes 3, 4 y 5. |
| 505 0# - NOTA DE CONTENIDO CON FORMATO |
| Nota de contenido con formato |
v. 3-- |
| Información miscelánea |
Capitulo 1 -- |
| Título |
Conjuntos - Números - Numerales -- |
| Información miscelánea |
Capitulo 2 -- |
| Título |
Combinaciones de adición - Sustración -- |
| Información miscelánea |
Capitulo 3 -- |
| Título |
Más sobre adicción y sustración -- |
| Información miscelánea |
Capitulo 4 -- |
| Título |
Planos -- |
| Información miscelánea |
Capitulo 5 -- |
| Título |
Multiplicación -- |
| Información miscelánea |
Capitulo 6 -- |
| Título |
La división -- |
| Información miscelánea |
Capitulo 7 -- |
| Título |
Fracciones y medidas -- |
| Información miscelánea |
Capitulo 8 -- |
| Título |
Figuras geométricas. |
| 505 0# - NOTA DE CONTENIDO CON FORMATO |
| Nota de contenido con formato |
v. 4-- |
| Información miscelánea |
Capitulo 1 -- |
| Título |
Conjuntos - Números - Numerales -- |
| Información miscelánea |
Capitulo 2 -- |
| Título |
Adicción - Sustración -- |
| Información miscelánea |
Capitulo 3 -- |
| Título |
Multiplicación y división -- |
| Información miscelánea |
Capitulo 4 -- |
| Título |
Fracciones y números fraccionarios -- |
| Información miscelánea |
Capítulo 5 -- |
| Título |
Operaciones con fracciones -- |
| Información miscelánea |
Capítulo 6 -- |
| Título |
Sistemas de medidas -- |
| Información miscelánea |
Capítulo 7 -- |
| Título |
Geometría - Plano - Semiplano - Rectas -- |
| Información miscelánea |
Capítulo 8 -- |
| Título |
Figuras en el espacio. |
| 505 0# - NOTA DE CONTENIDO CON FORMATO |
| Nota de contenido con formato |
v. 5-- |
| Información miscelánea |
Capítulo 1 -- |
| Título |
Conjuntos - Números - Numerales -- |
| Información miscelánea |
Capítulo 2 -- |
| Título |
Adicción y sustración de números naturales -- |
| Información miscelánea |
Capítulo 3 -- |
| Título |
Multiplicación y división -- |
| Información miscelánea |
Capítulo 4 -- |
| Título |
Teoría de los números -- |
| Información miscelánea |
Capítulo 5 -- |
| Título |
Proposiciones -- |
| Información miscelánea |
Capítulo 6 -- |
| Título |
Conjunto de números fraccionarios -- |
| Información miscelánea |
Capítulo 7 -- |
| Título |
Adicción y sustración de números fraccionarios -- |
| Información miscelánea |
Capítulo 8 -- |
| Título |
Multiplicación y división de números fraccionarios -- |
| Información miscelánea |
Capítulo 9 -- |
| Título |
Geometría -- |
| Información miscelánea |
Capítulo 10 -- |
| Título |
Geometría. Construcciones. |
| 942 ## - ELEMENTOS DE PUNTO DE ACCESO ADICIONAL (KOHA) |
| Fuente del sistema de clasificación o colocación |
Dewey Decimal Classification |
| Tipo de ítem Koha |
Libro |